Diccionario de economía: una exposición alfabética de conceptos económicos y su aplicaión
Сохранить в:
| Главные авторы: | , |
|---|---|
| Формат: | |
| Язык: | испанский |
| Опубликовано: |
Barcelona
Orbis
1983
|
| Предметы: | |
| Метки: |
Добавить метку
Нет меток, Требуется 1-ая метка записи!
|
MARC
| LEADER | 00000nam a2200000 a 4500 | ||
|---|---|---|---|
| 001 | UCX7606 | ||
| 003 | CL-VaPUC | ||
| 008 | 931221e19830000SP |||||||||||||||||spa|d | ||
| 082 | 0 | 4 | |a 330.03 |b SEL |2 21 |
| 100 | 0 | |a Seldon, Arthur |e author |9 324504 | |
| 700 | 0 | |a Pennance, F. G |e author |9 324505 | |
| 245 | 1 | 0 | |a Diccionario de economía: una exposición alfabética de conceptos económicos y su aplicaión |
| 300 | |a 553 p | ||
| 942 | |c BK | ||
| 945 | |d 19931221 00:00:00 |a nfarias | ||
| 260 | |a Barcelona |b Orbis |c 1983 | ||
| 650 | 7 | |a ECONOMIA DICCIONARIOS |2 CL-VaPUC |9 271868 | |
| 583 | |a last modification |c 19931221 00:00:00 |k Rodrigo Vera | ||
| 999 | |c 227389 |d 227387 | ||
| 952 | |0 0 |1 0 |4 0 |6 330_030000000000000_SEL_1983 |7 0 |8 F |9 226363 |a BIBENE |b BIBENE |d 2019-11-15 |i 2955059 |o 330.03 SEL 1983 |p 2955059 |r 2025-01-15 |w 2019-11-15 |y BK_F |k ICO | ||